000 00345nam a22001457a 4500
020 _a0078820901
082 _a005.369 SHE
100 _aSheldon, Tom
245 _aWindows 95 Made Easy
260 _aNew York
_bMcGraw-Hill
_c1995
300 _axxviii, 718 p.
500 _aIncludes index
650 _aOperating systems (Computers)
942 _cBK
999 _c13614
_d13614